Enarrationes, quas cathenam vere auream dicunt, in quattuor evangelia ex vetustissimorum codicum collatione quantum licuit ...

Detalles Bibliográficos
Autor principal: AQUINO, Tomás de ( Santo )
Formato: Libro
Publicado: París 1552
Materias:
Colección:Banco de datos
Acervo:Biblioteca del Ex Convento de Nuestra Señora de Guadalupe. Zacatecas
Tema general:Biblia
Notas:Buena. XXIV,7,6 (7304)
LEADER 00759nam a22001930004500
035 |a 44476 
036 |a 5660 
100 1 |a AQUINO, Tomás de ( Santo ) 
245 1 0 |a Enarrationes, quas cathenam vere auream dicunt, in quattuor evangelia ex vetustissimorum codicum collatione quantum licuit ... 
260 |a París  |b imp. Jerónimo y Dionisio de Marnef  |c 1552 
500 |a Buena. XXIV,7,6 (7304) 
650 1 0 |a Biblia 
949 |a CRZ-CG 
959 |a Ex convento de Nuestra Señora de Guadalupe, Museo Regional de Zacatecas, Zacatecas  |b CCC4 
960 |a Convento de Nuestra Señora de Guadalupe, Zacatecas  |b DD87 
961 |a Franciscana  |b OF 
942 |c CRZ-CG 
943 |g Biblioteca del Ex Convento de Nuestra Señora de Guadalupe. Zacatecas 
999 |c 968603  |d 968603